Responses for Show #6664 - Thursday, August 1, 2013

2013 Kids Week game 4.

Contestants

[<< previous game]

Josiah Washington, a 12-year-old seventh grader from Columbia, South Carolina

Blythe McWhirter, an 11-year-old sixth grader from Decatur, Georgia

Clement Doucette, a 12-year-old seventh grader from Hudson, Massachusetts

[next game >>]

Jeopardy! Round responses

AT THE TOY STORE
GEOGRAPHY 101
COLORFUL EXPRESSIONS
CELEBRITIES
THIS & THAT
BOOKS' MISSING ADJECTIVES
    $200 1
Furby

Josiah
    $200 15
The Amazon

Clement
    $200 18
white flag

Clement
    $200 29
Justin Bieber

Blythe
    $200 11
The Sphinx

Clement
    $200 6
Little

Clement
    $400 3
5 Second Rule

Clement
    $400 13
The Andes

Josiah
    $400 19
(Clement: What is a glass house?)
...
(Alex: Remember, it's COLORFUL EXPRESSIONS.)

greenhouse

ClementBlythe
    $400 2
Dakota Fanning

Blythe
    $400 12
Alaska

Josiah
    $400 7
Polar

Clement
    $600 4
Uglydoll

Blythe
    $800 26
Grand Canyon

Blythe
    $600 30
a yellow card

Blythe
    $600 5
(Clement: Who is kobe beef?)
...
(Alex: [*], yes. We were going for the name of the NBA star.)

Kobe Bryant

ClementJosiah
    $600 22
(Josiah: What are narwhals?)

rhinoceros

BlytheJosiah
    $600 8
Everlasting

Clement
    $800 16
Apples to Apples

Clement
    $800 25
Capricorn

Blythe
    $800 21
the red carpet

Clement
    $800 14
Adam Sandler

Clement
    $800 24
the Special Olympics

Josiah
    $800 9
Plain & Tall

Clement
    $1000 17
Monster High

Blythe
    $1000 27
Saudi Arabia

Clement
    $1000 28
a black belt

Blythe
    $1000 20
Robert Pattinson

Josiah
    $1000 23
Aaron Burr

Triple Stumper
    $1000 10
Penultimate

Clement

Scores at the first commercial break (after clue 15):

Clement Blythe Josiah
$4,000 $1,000 $1,600

Scores at the end of the Jeopardy! Round:

Clement Blythe Josiah
$6,400 $6,400 $2,800

Double Jeopardy! Round responses

IT HAPPENED ON AUGUST 1
ANIMATION APPRECIATION
SCIENCE ROUNDUP
INTERESTED IN A JOB, KID?
EXPLORATION
"HEAD" OF THE CLASS
    $400 12
Colorado

Josiah
    $400 2
Ice Age

Josiah
    $400 17
river

Josiah
    $400 23
president

Blythe
    $400 14
Christopher Columbus

Josiah
    $800 21
MTV

Clement
    $800 6
The Lorax

Blythe
    $800 4
(Josiah: What is a germ?)
(Alex: Oh, be more specific.)
(Josiah: [*].)
(Alex: That's it, yes.)

a virus

Josiah
    $800 5
Apple

Josiah
    $800 10
(Josiah: Who is Edward Hillary?)

Edmund Hillary

Josiah
Triple Stumper
    $800 11
headlights

Josiah
    $2,000 22
slavery

Clement
    $1200 8
Wreck-It Ralph

Josiah
    $1200 7
amphibians

Blythe
    $1200 24
Patriots

Blythe
    $1200 18
(Blythe: What is the Mississippi River?)

St. Lawrence River

Blythe
Triple Stumper
    $1200 1
headline

Josiah
    $1600 15
nerves

Clement
    $1600 9
heart

Blythe
    $2,000 3
[Josiah says nothing.]
(Alex: Pick a name.)
(Josiah: Who is [*]?)
(Alex: YES!!)
(Josiah: Oh!)
(Alex: Did I frighten you?)
[Josiah chuckles.]
(Alex: I hope not.)

Hudson

Josiah
    $1600 20
headgear

Josiah
    $2000 13
Total Drama

Blythe
    $2000 16
thermometer

Josiah
    $2000 25
(Josiah: What is an agent?)
(Clement: What is attorney?)
...
[End-of-round signal sounds.]

accountant

ClementBlytheJosiah
    $2000 19
Ponce de León

Josiah

Scores at the end of the Double Jeopardy! Round:

Clement Blythe Josiah
$8,800 $14,400 $14,000

[wagering suggestions for these scores]

Final Jeopardy! Round responses

POSTAL ABBREVIATIONS
ClementWhat Nevada
$8,800
JosiahWhat is Alabama + Louisiana
$8,200
BlytheWhat are Alaska and Kansas
$5,600
Alabama (AL) & Louisiana (LA)

Final scores:

Clement Blythe Josiah
$0 $8,800 $22,200
3rd place: $1,000 2nd place: $2,000 Winner: $22,200

Game dynamics:

Coryat scores:

Clement Blythe Josiah
$8,000 $14,200 $13,600
16 R
(including 1 DD),
3 W
17 R
(including 1 DD),
1 W
19 R
(including 1 DD),
3 W

Combined Coryat: $35,800

[game clues] [game scores] [suggest correction]

Game tape date: 2013-02-04
The J! Archive is created by fans, for fans. Scraping, republication, monetization, and malicious use prohibited; this site may use cookies and collect identifying information. See terms. The Jeopardy! game show and all elements thereof, including but not limited to copyright and trademark thereto, are the property of Jeopardy Productions, Inc. and are protected under law. This website is not affiliated with, sponsored by, or operated by Jeopardy Productions, Inc. Join the discussion at JBoard.tv.